| 000 | 00918nam a2200277 4500 | ||
|---|---|---|---|
| 003 | OSt | ||
| 005 | 20260530115258.0 | ||
| 008 | 260421b1995 xxua|||| |||| 00| 0 eng d | ||
| 020 | _a0262631660 |q papel alcalino | ||
| 020 |
_a9780262631662 _qrústica : papel alcalino |
||
| 040 |
_aICI _bspa _cICI |
||
| 050 |
_aNK1525 _bI34 1995 |
||
| 100 | 1 |
_aVictor Margolin, Richard Buchanan _930768 |
|
| 245 | 0 | 4 |
_aThe idea of design / _cedited by Victor Margolin and Richard Buchanan |
| 264 | 1 |
_bThe MIT Press, _c[1995] _aCambridge, Massachusetts : |
|
| 300 |
_a285 páginas _bilustraciones ; |
||
| 336 |
_atexto _2rdacontent |
||
| 337 |
_asin medio _2rdamedia |
||
| 338 |
_avolumen _2rdacarrier |
||
| 490 | 0 | _aDesign issues reader, | |
| 650 | 0 |
_aDiseño _92672 |
|
| 650 | 0 | _aDiseño en ingeniería | |
| 700 | 1 |
_aMargolin, Victor, _d1941- , _eeditor _930770 |
|
| 700 | 1 |
_aBuchanan, Richard, _eeditor _930771 |
|
| 942 |
_2lcc _cBK |
||
| 999 |
_c12703 _d12703 |
||